| 000 | 00475nam a22001817a 4500 | ||
|---|---|---|---|
| 003 | MPLRDC | ||
| 005 | 20220104123856.0 | ||
| 008 | 210129b ||||| |||| 00| 0 eng d | ||
| 082 | _a490.8 XDQG v.102 | ||
| 100 | _a现代企管新知编辑小组主编 | ||
| 245 |
_a商业创意: 从零到无限 _c |
||
| 250 | _a初版 | ||
| 260 |
_a _b银禾文化事业公司 _c1994 |
||
| 300 | _b平 | ||
| 490 | _a现代企管新知;102 | ||
| 650 | _a | ||
| 942 |
_cBK _o490.8 XDQG v.102 |
||
| 999 |
_c14891 _d14881 |
||